000 01019nas a2200301 4500
001 BR2022000172
003 BR-BrBNA
005 20231205132225.0
007 ta
008 230509b bl.|||p| |||| 00| 00por d
040 _aBR-BrBNA
_bpor
_cBiblioteca Nacional de Agricultura
041 _a(Pt)
072 _aL53
100 1 _aNeri, H.L.D.
100 1 _aFernandes, C.A.C.
100 1 _aPalhão, M.P.
100 1 _aRossi, J.R.
100 1 _aVarago, F.C.
245 1 _aPerfil de progesterona em novilhas com diferente atividade luteal e tratadas com implantes vaginais
650 _aNOVILHO
650 _aREPRODUÇÃO ANIMAL
650 _aINSEMINAÇÃO ARTIFICIAL
650 _aPROGESTERONA
773 0 _tArquivo Brasileiro de Medicina Veterinária e Zootecnia (Brazil)
_xISSN 1678-4162
_g(Mar-Apr 2015), v. 67(2) p. 405-410
_wBR2022000172
856 4 0 _uhttps://www.scielo.br/j/abmvz/a/myHLjZzYgJmwCYf4L33hGRB/?format=pdf lang=pt
909 _a202311
_bLúcia
_c55
_dLúcia Elande
942 _2AGRIS
_n0
_cANA
999 _c259144
_d259144